000 00611nam a2200229Ia 4500
003 OSt
005 20220927110508.0
006 a|||||r|||| 00| 0
007 ta
008 220926b |||||||| |||| 00| 0 eng d
024 _a82521
037 _cReports
040 _aRTL
_cRTL
_beng
041 _2eng
_aeng
082 _a"X91.213.N6t4, K1"
100 _aMensinkai S S
_9378828
245 0 _aSurvey of Handicrafts in eight districts of the My
260 _c1961
650 _aIndustries
942 _h"X91.213.N6t4, K1"
_cCC
999 _c697039
_d697039